| 000 | 00493nam a2200181Ia 4500 | ||
|---|---|---|---|
| 005 | 20250326124001.0 | ||
| 008 | 250326s9999 xx 000 0 und d | ||
| 037 | _aTextbook | ||
| 040 |
_aFMSL _beng _cFMSL |
||
| 041 |
_aeng _2eng |
||
| 084 |
_aXxN7 L6;1 _qFMSL |
||
| 100 | _aGhosh P K | ||
| 245 | 0 |
_aBusiness, economics & planning _cGhosh P K; Minocha V S |
|
| 260 |
_aDelhi _bDelhi, Kalyani _c1976 |
||
| 300 | _a323p | ||
| 942 |
_cTB _hXxN7 L6;1 |
||
| 999 |
_c1271762 _d1271762 |
||